|
|
|
|
| LEADER |
00000cam a22000004a 4500 |
| 001 |
musev2_71477 |
| 003 |
MdBmJHUP |
| 005 |
20230905051350.0 |
| 006 |
m o d |
| 007 |
cr||||||||nn|n |
| 008 |
190404t20192019mdu o 00 0 eng d |
| 020 |
|
|
|a 9781421434162
|
| 020 |
|
|
|z 9781421434155
|
| 035 |
|
|
|a (OCoLC)1127574595
|
| 040 |
|
|
|a MdBmJHUP
|c MdBmJHUP
|
| 100 |
1 |
|
|a Jimenez, Claire,
|e author.
|
| 240 |
1 |
0 |
|a Short stories.
|k Selections
|
| 245 |
1 |
0 |
|a Staten Island Stories /
|c Claire Jimenez.
|
| 264 |
|
1 |
|a Baltimore :
|b Johns Hopkins University Press,
|c 2019.
|
| 264 |
|
3 |
|a Baltimore, Md. :
|b Project MUSE,
|c 2019
|
| 264 |
|
4 |
|c ©2019.
|
| 300 |
|
|
|a 1 online resource (192 pages).
|
| 336 |
|
|
|a text
|b txt
|2 rdacontent
|
| 337 |
|
|
|a computer
|b c
|2 rdamedia
|
| 338 |
|
|
|a online resource
|b cr
|2 rdacarrier
|
| 490 |
0 |
|
|a Johns Hopkins : poetry and fiction
|
| 505 |
0 |
|
|a Tale of the angry adjunct -- What it is -- Great kills -- Eddie and the dying fish -- The knight's tale -- Do now -- Underneath the water you could actually hear bells -- This one kid Douglass got jumped -- You are a strange imitation of a woman -- The grant writer's tale -- Who would break the dark first -- As luck would have it.
|
| 520 |
|
|
|a "This collection of tragicomic short stories, whose form is inspired by Geoffrey Chaucer's The Canterbury Tales, feature various inhabitants of Staten Island, New York City's so-called forgotten borough. The collection travels across time through the voices of working-class folks to explore defining moments in the island's history and in US history"--
|c Provided by publisher
|
| 588 |
|
|
|a Description based on print version record.
|
| 651 |
|
7 |
|a New York (State)
|z New York
|z Staten Island.
|2 fast
|0 (OCoLC)fst01312784
|
| 651 |
|
6 |
|a Staten Island (New York, N.Y.)
|v Romans, nouvelles, etc.
|
| 651 |
|
0 |
|a Staten Island (New York, N.Y.)
|v Fiction.
|
| 650 |
|
7 |
|a Short stories, American.
|2 fast
|0 (OCoLC)fst01117064
|
| 650 |
|
6 |
|a Nouvelles americaines
|y 21e siecle.
|
| 650 |
|
0 |
|a Short stories, American
|y 21st century.
|
| 655 |
|
7 |
|a Nouvelles.
|2 rvmgf
|
| 655 |
|
7 |
|a Short stories.
|2 lcgft
|
| 655 |
|
7 |
|a Short stories.
|2 fast
|0 (OCoLC)fst01726740
|
| 655 |
|
7 |
|a Fiction.
|2 fast
|0 (OCoLC)fst01423787
|
| 655 |
|
7 |
|a short stories.
|2 aat
|
| 655 |
|
7 |
|a Electronic books.
|2 local
|
| 710 |
2 |
|
|a Project Muse.
|e distributor
|
| 830 |
|
0 |
|a Book collections on Project MUSE.
|
| 856 |
4 |
0 |
|z Texto completo
|u https://projectmuse.uam.elogim.com/book/71477/
|
| 945 |
|
|
|a Project MUSE - Custom Collection
|
| 945 |
|
|
|a Project MUSE - 2019 Complete
|
| 945 |
|
|
|a Project MUSE - 2019 Poetry, Fiction and Creative Non-Fiction
|